Makroekonomie : základní kurz /

Hlavní autor: Krameš, Jaroslav, 1952-
Korporativní autor: Vysoká škola ekonomická v Praze. Podnikohospodářská fakulta
Jazyk: Čeština
Vydáno: V Praze : Oeconomica, 2009
Vydání: Vyd. 3., přeprac.
Témata:
Fyzický popis: 193 s. : il. ; 29 cm
Knihy
Uloženo v:
LEADER 01570nam a2200421 a 4500
001 nkc20092009283
003 CZ PrNK
005 20100219092155.0
007 ta
008 091229s2009 xr a e p 000 0 cze
015 |a cnb002009283 
020 |a 978-80-245-1580-9  |q (brož.) :  |c Kč 213,00 
035 |a (OCoLC)505914499 
040 |a ABA001  |b cze 
072 7 |a 33  |x Ekonomie  |2 Konspekt  |9 4 
072 7 |a 37.016  |x Učební osnovy. Vyučovací předměty. Učebnice  |2 Konspekt  |9 22 
080 |a 330.101.541  |2 MRF 
080 |a (075.8)  |2 MRF 
100 1 |a Krameš, Jaroslav,  |d 1952-  |7 ola2005298428  |4 aut 
245 1 0 |a Makroekonomie :  |b základní kurz /  |c Jaroslav Krameš 
250 |a Vyd. 3., přeprac. 
260 |a V Praze :  |b Oeconomica,  |c 2009 
300 |a 193 s. :  |b il. ;  |c 29 cm 
500 |a Nad názvem: Vysoká škola ekonomická v Praze, Fakulta podnikohospodářská 
500 |a 200 výt. 
504 |a Obsahuje bibliografii 
521 8 |a Určeno pro bakalářské studium na VŠE v Praze 
550 |a Vydavatel: Vysoká škola ekonomická v Praze 
650 0 7 |a makroekonomie  |7 ph115205  |2 czenas 
650 0 9 |a macroeconomics  |2 eczenas 
655 7 |a učebnice vysokých škol  |7 fd133772  |2 czenas 
655 9 |a textbooks (higher)  |2 eczenas 
710 2 |a Vysoká škola ekonomická v Praze.  |b Podnikohospodářská fakulta  |7 kn20010709402 
910 2 |a BOA001  |b 4-1234.513 
990 |a BK 
995 |a 01 
991 |b 201001  |c NOV  |j 330.101.541 KRA 
996 6 |b 2610403775  |c 4-1234.513  |l MZK  |r Sklad / do 1 hodiny  |n 4  |p p.v.  |w 001100889  |u 000010  |a 1  |e BOA001  |j MZK50  |s P